[Event "Kiel op 25th"]
[Site "Kiel"]
[Date "2012.07.29"]
[Round "3"]
[White "Graf, Tobias"]
[Black "Harms, Friedjof"]
[Result "1/2-1/2"]
[WhiteElo "1917"]
[BlackElo "1856"]
[PlyCount "48"]
[EventDate "2012.07.28"]
[EventType "swiss"]
[EventRounds "9"]
[EventCountry "GER"]
[SourceTitle "EXT 2015"]
[Source "ChessBase"]
[SourceDate "2014.11.20"]
[SourceVersion "1"]
[SourceVersionDate "2014.11.20"]
[SourceQuality "1"]

1. d4 Nf6 2. c4 c5 3. d5 b5 4. Qc2 d6 5. e4 bxc4 6. Bxc4 g6 7. Nf3 Bg7 8. 0-0 0-0 9. h3 Nbd7 10. Nc3 a5 11. a4 Ba6 12. Bb5 Ne8 13. Nd2 f5 14. exf5 Rxf5 15. Nde4 Nb6 16. Ng3 Rf8 17. Bg5 Nc7 18. Bxa6 Rxa6 19. Rad1 Qd7 20. Rfe1 Rf7 21. Qe4 Ra8 22. h4 Bxc3 23. bxc3 Qxa4 24. Qb1 Qb5 1/2-1/2

[Event "Moehnesee Cup 36th"]
[Site "Moehnesee"]
[Date "2010.08.29"]
[Round "7"]
[White "Graf, Tobias"]
[Black "Heidler, Norbert Klaus"]
[Result "0-1"]
[WhiteElo "1893"]
[BlackElo "2056"]
[PlyCount "66"]
[EventDate "2010.08.26"]
[EventType "swiss"]
[EventRounds "7"]
[EventCountry "GER"]
[SourceTitle "EXT 2011"]
[Source "ChessBase"]
[SourceDate "2010.11.26"]
[SourceVersion "1"]
[SourceVersionDate "2010.11.26"]
[SourceQuality "1"]

1. d4 g6 2. c4 e6 3. Nf3 Bg7 4. g3 d6 5. Bg2 Ne7 6. 0-0 0-0 7. Nc3 Nd7 8. e4 a6 9. Be3 h6 10. Qd2 Kh7 11. Rac1 Ng8 12. h3 e5 13. b3 Rb8 14. a4 b6 15. Qc2 Bb7 16. d5 Bc8 17. Ne1 a5 18. Nd3 Ne7 19. g4 Nc5 20. Nxc5 bxc5 21. Rcd1 f5 22. gxf5 gxf5 23. f4 exf4 24. Bxf4 Ng6 25. Bc1 Nh4 26. Nb5 Nxg2 27. Qxg2 Be5 28. Kh1 Rg8 29. Qe2 Qh4 30. Rf3 fxe4 31. Rf7+ Kh8 32. Qf1 Bxh3 33. Qf2 Bg2+ 0-1